000 00415nam a22001817a 4500
003 OSt
005 20260308174445.0
008 260308b |||||||| |||| 00| 0 eng d
020 _a9780241736678
082 _a920
_bGATS
100 _aGates, Bill
245 _aSource code : my beginnings
260 _aLondon
_bAllen Lane
_c2025
300 _a318p
546 _aEnglish
650 _aBiography
942 _2ddc
_cBK
999 _c3956
_d3956